| 000 | 00685nam a22002177a 4500 | ||
|---|---|---|---|
| 003 | BD-DhJNU | ||
| 005 | 20250119065038.0 | ||
| 008 | 250119b |||||||| |||| 00| 0 eng d | ||
| 020 | _a9789325982390 | ||
| 040 |
_aBD-DhJNU _bENG _cBD-DhJNU _dBD-DhJNU |
||
| 082 |
_223 _a001.42 CHR |
||
| 100 | _aChawla, Deepak | ||
| 245 |
_aResearch methodology concepts and cases / _cDr. Deepak Chawla and Dr. Neena Sondhi |
||
| 250 | _a2nd ed. | ||
| 260 |
_aNew Delhi : _bVikas Publishing House, _c2018. |
||
| 300 |
_axxii, 670 p. : _bill. ; _c28 cm. |
||
| 504 | _aIncludes bibliographical references and index | ||
| 650 | _aResearch Methodology | ||
| 700 | _aSondhi, Neena | ||
| 942 |
_2ddc _cBK _n0 |
||
| 999 |
_c1106 _d1106 |
||